<?xml version="1.0" encoding="UTF-8"?><?xml-stylesheet type="text/xsl" href="static/style.xsl"?><OAI-PMH xmlns="http://www.openarchives.org/OAI/2.0/" xmlns:xsi="http://www.w3.org/2001/XMLSchema-instance" xsi:schemaLocation="http://www.openarchives.org/OAI/2.0/ http://www.openarchives.org/OAI/2.0/OAI-PMH.xsd"><responseDate>2026-04-13T04:52:59Z</responseDate><request verb="GetRecord" identifier="oai:www.recercat.cat:10459.1/57256" metadataPrefix="marc">https://recercat.cat/oai/request</request><GetRecord><record><header><identifier>oai:recercat.cat:10459.1/57256</identifier><datestamp>2024-12-05T21:41:46Z</datestamp><setSpec>com_2072_3622</setSpec><setSpec>col_2072_479130</setSpec></header><metadata><record xmlns="http://www.loc.gov/MARC21/slim" xmlns:dcterms="http://purl.org/dc/terms/" xmlns:xsi="http://www.w3.org/2001/XMLSchema-instance" xmlns:doc="http://www.lyncode.com/xoai" xsi:schemaLocation="http://www.loc.gov/MARC21/slim http://www.loc.gov/standards/marcxml/schema/MARC21slim.xsd">
   <leader>00925njm 22002777a 4500</leader>
   <datafield ind2=" " ind1=" " tag="042">
      <subfield code="a">dc</subfield>
   </datafield>
   <datafield ind2=" " ind1=" " tag="720">
      <subfield code="a">Yang, X. Y.</subfield>
      <subfield code="e">author</subfield>
   </datafield>
   <datafield ind2=" " ind1=" " tag="720">
      <subfield code="a">Cores Prado, Fernando</subfield>
      <subfield code="e">author</subfield>
   </datafield>
   <datafield ind2=" " ind1=" " tag="720">
      <subfield code="a">Hernández Budé, Porfidio</subfield>
      <subfield code="e">author</subfield>
   </datafield>
   <datafield ind2=" " ind1=" " tag="720">
      <subfield code="a">Ripoll, A.</subfield>
      <subfield code="e">author</subfield>
   </datafield>
   <datafield ind2=" " ind1=" " tag="720">
      <subfield code="a">Luque, Emilio</subfield>
      <subfield code="e">author</subfield>
   </datafield>
   <datafield ind2=" " ind1=" " tag="260">
      <subfield code="c">2016-06-22T08:49:52Z</subfield>
   </datafield>
   <datafield ind2=" " ind1=" " tag="260">
      <subfield code="c">2025-01-01</subfield>
   </datafield>
   <datafield ind2=" " ind1=" " tag="260">
      <subfield code="c">2010</subfield>
   </datafield>
   <datafield ind2=" " ind1=" " tag="520">
      <subfield code="a">A distributed video-on-demand system (DVoD) with multiple server-nodes is a cost-effective and faulttolerant&#xd;
solution for a high scalable enterprise video-on-demand (VoD) system. However, such a serveroriented&#xd;
design is highly vulnerable to workload variations given that the service capacity is limited.&#xd;
Peer-to-Peer (P2P) has been introduced as an architectural solution with self-growing capacity. However,&#xd;
the characteristics of a pure P2P system such as the peer transient nature and high network overhead&#xd;
make this kind of architecture unsuitable for a fully interactive VoD system. In this paper, we propose&#xd;
a new efficient integrated VoD architecture, called DPn2P&#xd;
m, that combines DVoD with a P2P system and&#xd;
multicast communications. The DVoD’s server-nodes provide a minimum required quality of service (QoS)&#xd;
and the P2P system is able to offer the mechanism to increase the system service capacity according to&#xd;
client demands. Multicast communication, wherever it is possible, is effectively exploited by our P2P&#xd;
system. In our design, each client is able to send video information to a set of m clients using only one&#xd;
multicast channel. Furthermore, the collaboration mechanism is able to coordinate a set of clients to create&#xd;
one collaboration group to replace the server, providing an extensive, efficient and low network-overhead&#xd;
collaboration mechanism from n-peers to m-peers. Regardless of the video the client is watching, our&#xd;
P2P scheme allows every active client to collaborate with the server. The P2P scheme is complemented&#xd;
with recovery mechanisms that are able to replace the failed client before affecting the QoS, offering&#xd;
continuous playback. The proposed approach has been broadly evaluated, firstly using a mathematical&#xd;
model to derive the theoretical performance and secondly using a simulation environment to analyze&#xd;
the system’s dynamic behavior, the VCR interaction impact and the client failures. Comparing DPn2P&#xd;
m&#xd;
with other DVoD architectures and the most relevant P2P delivery policies, we show that our design is an&#xd;
improvement on previous solutions, providing a higher scalability.</subfield>
   </datafield>
   <datafield ind2=" " ind1=" " tag="520">
      <subfield code="a">This work was supported by the MEC-Spain under contract TIN2007-64974, by the MEC-Spain under contract TIN2008-05913 and by the MCyT-Spain under contract JC2007-00080.</subfield>
   </datafield>
   <datafield ind1="8" ind2=" " tag="024">
      <subfield code="a">http://hdl.handle.net/10459.1/57256</subfield>
   </datafield>
   <datafield tag="653" ind2=" " ind1=" ">
      <subfield code="a">Video-on-demand</subfield>
   </datafield>
   <datafield tag="653" ind2=" " ind1=" ">
      <subfield code="a">P2P</subfield>
   </datafield>
   <datafield tag="653" ind2=" " ind1=" ">
      <subfield code="a">Multicast</subfield>
   </datafield>
   <datafield tag="653" ind2=" " ind1=" ">
      <subfield code="a">Content delivery network</subfield>
   </datafield>
   <datafield ind2="0" ind1="0" tag="245">
      <subfield code="a">Designing an effective P2P system for a VoD system to exploit the multicast communication</subfield>
   </datafield>
</record></metadata></record></GetRecord></OAI-PMH>